00369 2200145 4500001002100000005001500021035002000036245004800056100002200104300002600126260003700152082000800189084001400197990001200211INLIS00000000000309420250930104101 a0010-09250004411 aAku Harus Bilang Apa ? /cVitriya Mardiyati0 aVitriya Mardiyati a114 hlm ;c14 x 21 cm aCirebon :bLitera Pustaka,c2022 a811 a811 VIT a a0755532